MARC details
| 000 -CABECERA |
| campo de control de longitud fija |
01432nam a2200301 a 4500 |
| 001 - NÚMERO DE CONTROL |
| campo de control |
000047361 |
| 003 - IDENTIFICADOR DEL NÚMERO DE CONTROL |
| campo de control |
DO-SdBNP |
| 005 - FECHA Y HORA DE LA ÚLTIMA TRANSACCIÓN |
| campo de control |
20230405143900.0 |
| 007 - CAMPO FIJO DE DESCRIPCIÓN FÍSICA--INFORMACIÓN GENERAL |
| campo de control de longitud fija |
ta |
| 008 - DATOS DE LONGITUD FIJA--INFORMACIÓN GENERAL |
| campo de control de longitud fija |
130425s2002 dr 000 0 spa d |
| 040 ## - FUENTE DE LA CATALOGACIÓN |
| Centro catalogador/agencia de origen |
DO-SdBNP |
| Lengua de catalogación |
spa |
| Centro/agencia transcriptor |
BNPHU |
| 082 #4 - NÚMERO DE LA CLASIFICACIÓN DECIMAL DEWEY |
| Número de clasificación |
343.7293 |
| Número de documento/Ítem |
L681t |
| Número de edición |
22 |
| 110 2# - ENTRADA PRINCIPAL--NOMBRE DE ENTIDAD CORPORATIVA |
| Nombre de entidad corporativa o nombre de jurisdicción como elemento de entrada |
República Dominicana |
| 9 (RLIN) |
447 |
| 240 10 - TÍTULO UNIFORME |
| Título uniforme |
[Leyes, etc.] |
| 245 10 - MENCIÓN DE TÍTULO |
| Título |
Ley No. 241 de tránsito de vehículos : |
| Resto del título |
G.O. No. 9068, de enero 1968 con sus modificaciones al mes de marzo de 2002 / |
| Mención de responsabilidad, etc. |
Almanzor González Canahuate [compilador]. |
| 246 13 - FORMA VARIANTE DE TÍTULO |
| Título propio/Titulo breve |
leyes y decretos complementarios |
| 246 13 - FORMA VARIANTE DE TÍTULO |
| Título propio/Titulo breve |
Leyes que modifican la ley 241 |
| 260 ## - PUBLICACIÓN, DISTRIBUCIÓN, ETC. |
| Lugar de publicación, distribución, etc. |
Santo Domingo : |
| Nombre del editor, distribuidor, etc. |
Editora Tavárez, |
| Fecha de publicación, distribución, etc. |
2002. |
| 300 ## - DESCRIPCIÓN FÍSICA |
| Extensión |
234 p. ; |
| Dimensiones |
22 cm. |
| 500 ## - NOTA GENERAL |
| Nota general |
En la cubierta : edición 2002 Recopilación Jurisprudencia Integral |
| 505 0# - NOTA DE CONTENIDO CON FORMATO |
| Nota de contenido con formato |
Ley 124, del 10/31971, G.O. 9225 -- |
| Título |
Ley 160, del 4/6/1971 -- |
| -- |
Ley 255, del 15/1/1972, G. O. 9252 -- |
| -- |
Ley 585, promulgada 1977, G. O. 9431 -- |
| -- |
Ley 56-89, del 15/7/1989, G. O. 9763 -- |
| -- |
Ley 61-92, del 22/12/1992, (Listín Diario) -- |
| -- |
Ley 114-99, promulgada 16/12/99 -- |
| -- |
Ley sobre los celulares 143-01 -- |
| 590 ## - NOTA LOCAL (RLIN) |
| Nota local |
Inventariado, 2018/VM |
| 650 #4 - PUNTO DE ACCESO ADICIONAL DE MATERIA--TÉRMINO DE MATERIA |
| Término de materia o nombre geográfico como elemento de entrada |
Reglamentos de transito |
| Subdivisión geográfica |
República Dominicana |
| 9 (RLIN) |
77295 |
| 650 #4 - PUNTO DE ACCESO ADICIONAL DE MATERIA--TÉRMINO DE MATERIA |
| Término de materia o nombre geográfico como elemento de entrada |
Transporte motorizado |
| Subdivisión general |
Legislación |
| Subdivisión geográfica |
Republica Dominicana |
| 9 (RLIN) |
75014 |
| 700 1# - PUNTO DE ACCESO ADICIONAL--NOMBRE DE PERSONA |
| Nombre de persona |
González Canahuate, L. Almanzor. |
| 9 (RLIN) |
5213 |
| 910 ## - DATOS DE OPCIÓN DEL USUARIO (OCLC) |
| Datos de opción del usuario |
Validado. Control de calidad MFF |
| 942 ## - ELEMENTOS DE PUNTO DE ACCESO ADICIONAL (KOHA) |
| Fuente del sistema de clasificación o colocación |
Dewey Decimal Classification |
| Tipo de ítem Koha |
Libro |